Normal view
MARC view
- China
Entry Geographic Name
001 - CONTROL NUMBER
- control field: 99845
003 - CONTROL NUMBER IDENTIFIER
- control field: NUST
005 - DATE AND TIME OF LATEST TRANSACTION
- control field: 20221011120233.0
008 - FIXED-LENGTH DATA ELEMENTS
- fixed length control field: 221011|| aca||aabn | a|a d
040 ## - CATALOGING SOURCE
- Original cataloging agency: NUST
- Transcribing agency: NUST
151 ## - HEADING--GEOGRAPHIC NAME
- Geographic name: China
- General subdivision: Foreign economic relations
- Geographic subdivision: Developing countries
670 ## - SOURCE DATA FOUND
- Source citation: Work cat.: (NUST)0: China steps out :
